banner koha

Avaliação microbiológica e molecular de líquidos articulares e peri-articulares de suínos (Registro n. 218564)

MARC details
000 -LÍDER
campo de controle de tamanho fixo 01129nas a2200361 4500
001 - NÚMERO DE CONTROLE
campo de controle BR2012002689
003 - IDENTIFICADOR DO NÚMERO DE CONTROLE
campo de controle BR-BrBNA
005 - DATA E HORÁRIO DA ÚLTIMA TRANSAÇÃO
campo de controle 20231205120441.0
007 - CAMPO FIXO DE DESCRIÇÃO FÍSICA--INFORMAÇÃO GERAL
campo de controle de tamanho fixo ta
008 - CAMPO DE DADOS FIXOS--INFORMAÇÃO GERAL
campo de controle de tamanho fixo 230509b bl.|||p| |||| 00| 00por d
040 ## - FONTE DA CATALOGAÇÃO
Instituição da catalogação original BR-BrBNA
Idioma da catalogação por
Instituição que transcreveu o registro Biblioteca Nacional de Agricultura
041 ## - CÓDIGO DE IDIOMA
Código do idioma do texto/trilha sonora ou título diferente (Pt)
072 ## - CÓDIGO DE CATEGORIA DE ASSUNTO
Código de Categoria de Assunto L50
100 1# - ENTRADA PRINCIPAL--NOME PESSOAL
Nome pessoal Faria, A.C.S.
100 1# - ENTRADA PRINCIPAL--NOME PESSOAL
Nome pessoal Oliveira Filho, J.X. de
100 1# - ENTRADA PRINCIPAL--NOME PESSOAL
Nome pessoal Paula, D.A.J. de
100 1# - ENTRADA PRINCIPAL--NOME PESSOAL
Nome pessoal Brandão, L.N.S.
100 1# - ENTRADA PRINCIPAL--NOME PESSOAL
Nome pessoal Dias, D.F.S.
100 1# - ENTRADA PRINCIPAL--NOME PESSOAL
Nome pessoal Nakazato, L.
100 1# - ENTRADA PRINCIPAL--NOME PESSOAL
Nome pessoal Dutra, V.
245 1# - TÍTULO
Título Avaliação microbiológica e molecular de líquidos articulares e peri-articulares de suínos
246 1# - FORMA VARIANTE DO TÍTULO
Título/título abreviado Microbiological and molecular evaluation of articulares and peri-articulares fluids of pigs
650 ## - ASSUNTO--TERMO TÓPICO
Cabeçalho tópico ou nome geográfico SUÍNO
650 ## - ASSUNTO--TERMO TÓPICO
Cabeçalho tópico ou nome geográfico MICROBIOLOGIA
650 ## - ASSUNTO--TERMO TÓPICO
Cabeçalho tópico ou nome geográfico LÍQUIDO CORPORAL
650 ## - ASSUNTO--TERMO TÓPICO
Cabeçalho tópico ou nome geográfico ARTICULAÇÃO
650 ## - ASSUNTO--TERMO TÓPICO
Cabeçalho tópico ou nome geográfico ARTRITE
650 ## - ASSUNTO--TERMO TÓPICO
Cabeçalho tópico ou nome geográfico BACTÉRIA
650 ## - ASSUNTO--TERMO TÓPICO
Cabeçalho tópico ou nome geográfico FUNGO
773 0# - ENTRADA ANALÍTICA
Título Pesquisa Veterinária Brasileira (Brazil)
ISSN - International Standard Serial Number ISSN 0100-736X
Partes relacionadas (Aug 2011), v. 31(8) p. 667-671
Número de controle do registro BR2012002689
909 ## -
-- 202311
-- Lúcia
-- 55
-- Lúcia Elande
942 ## - ELEMENTOS DE ENTRADA ADICIONADOS (KOHA)
Fonte da classificação ou esquema de arquivamento na estante Classificação AGRIS
Ocultar no OPAC Não
Tipo de material Koha Analítica
Exemplares
Situação do descarte Fonte da classificação ou esquema de arquivamento na estante Situação física Não pode ser emprestado Biblioteca de origem Biblioteca atual Localização na estante Enumeração do periódico / cronologia Total de empréstimos Data de último acesso Número do exemplar Tipo de material Koha Fonte de aquisição
  Classificação AGRIS   Consulta local Biblioteca Nacional de Agricultura - Binagri Biblioteca Nacional de Agricultura - Binagri   (Aug 2011), v. 31(8) p. 667-671   29/11/2023 01 Periódicos Portaria Interministerial nº 164/94

BINAGRI

Telefone: (61)3218-2567/2388/3357/2097 - binagri@agro.gov.br

Ministério da Agricultura e Pecuária , Esplanada dos Ministérios, Bloco D, Anexo B, Brasília/DF, CEP: 70.043-900